000 01265nam a22002537a 4500
003 Uzh_bibl
008 260407b |||||||| |||| 00| 0 ukr d
020 _a979-966-8826-11-4
_c103.00
040 _bукр.
041 _2ukr
_aukr
080 _a523
090 _a523
_bТ 14
100 _a
245 _aТаємниці космосу
_cуклад.Н.К.Бершова
_hТекст
260 _aХарків
_bПромінь
_c2008
300 _a80 с.
_bіл.
_fВ опр.
520 _aКнига розповість про чудову подорож у світ казок і таємниць космосу. Спостерігаючи небо, наші пращури дізнавалися, коли орати землю й сіяти хліб, коли ловити рибу. Вони витворили календар, орієнтувалися в просторах степів та морів.
521 _aКнига розрахована на дітей молодшого шкільного віку.
546 _aукр.
650 _aПопулярна лоітература
653 _aКосмос
_aНавколишній світ
_aНебо,земля
655 _aДитяча література
942 _2udc
_cBK
999 _c17271
_d17271